<?xml version='1.0' encoding='UTF-8'?>
  <record xmlns="http://www.loc.gov/MARC21/slim">
    <leader>00000cam a2200000 i 4500</leader>
    <controlfield tag="001">ocm64799243</controlfield>
    <controlfield tag="003">OCoLC</controlfield>
    <controlfield tag="005">20240823143504.3</controlfield>
    <controlfield tag="008">871203s1737    ne            000 0 dut d</controlfield>
    <datafield tag="040" ind1=" " ind2=" ">
      <subfield code="a">NLGGC</subfield>
      <subfield code="b">dut</subfield>
      <subfield code="e">fobidrtb</subfield>
      <subfield code="c">NLGGC</subfield>
      <subfield code="d">OCLCO</subfield>
      <subfield code="d">OCLCL</subfield>
      <subfield code="d">OCLCQ</subfield>
    </datafield>
    <datafield tag="029" ind1="0" ind2=" ">
      <subfield code="a">NLGGC</subfield>
      <subfield code="b">043133304</subfield>
    </datafield>
    <datafield tag="035" ind1=" " ind2=" ">
      <subfield code="a">(OCoLC)64799243</subfield>
    </datafield>
    <datafield tag="084" ind1=" " ind2=" ">
      <subfield code="a">11.54</subfield>
      <subfield code="2">bcl</subfield>
    </datafield>
    <datafield tag="100" ind1="1" ind2=" ">
      <subfield code="a">Vreede, Theophilus van.</subfield>
    </datafield>
    <datafield tag="245" ind1="1" ind2="0">
      <subfield code="a">Driedubbelde naem-lyst der pastooren priesteren en zendelingen, :</subfield>
      <subfield code="b">I. Die in 't jaer 1701. voor de waerheid en geregtigheid getuigd hebben. II. Die in 't jaer 1736. om 't formulier en de Bulle Unigenitus zig van hunne medebroederen afscheiden. III. Die vreedzaemig zijn met hen die de vreede haeten. Opgedraegen aen ... Johannes van den Steen, Franciscus Cornelius Derout ..</subfield>
    </datafield>
    <datafield tag="246" ind1="3" ind2=" ">
      <subfield code="a">Die in 't jaer 1701. voor de waerheid en geregtigheid getuigd hebben</subfield>
    </datafield>
    <datafield tag="246" ind1="3" ind2=" ">
      <subfield code="a">Die in 't jaer 1736. om 't formulier en de Bulle Unigenitus zig van hunne medebroederen afscheiden</subfield>
    </datafield>
    <datafield tag="246" ind1="3" ind2=" ">
      <subfield code="a">Die vreedzaemig zijn met hen die de vreede haten</subfield>
    </datafield>
    <datafield tag="260" ind1=" " ind2=" ">
      <subfield code="a">t'Amsterdam :</subfield>
      <subfield code="b">by Frans Ryswyk, #boekverkoper in de eerste Gouds-bloems-dwars-straet#,</subfield>
      <subfield code="c">1737.</subfield>
    </datafield>
    <datafield tag="300" ind1=" " ind2=" ">
      <subfield code="a">152 p. :</subfield>
      <subfield code="b">ill. ;</subfield>
      <subfield code="c">in-12.</subfield>
    </datafield>
    <datafield tag="336" ind1=" " ind2=" ">
      <subfield code="a">tekst</subfield>
      <subfield code="b">txt</subfield>
      <subfield code="2">rdacontent/dut</subfield>
    </datafield>
    <datafield tag="337" ind1=" " ind2=" ">
      <subfield code="a">zonder medium</subfield>
      <subfield code="b">n</subfield>
      <subfield code="2">rdamedia/dut</subfield>
    </datafield>
    <datafield tag="338" ind1=" " ind2=" ">
      <subfield code="a">band</subfield>
      <subfield code="b">nc</subfield>
      <subfield code="2">rdacarrier/dut</subfield>
    </datafield>
    <datafield tag="500" ind1=" " ind2=" ">
      <subfield code="a">[pi] 1 A 4  B-N 6.</subfield>
    </datafield>
    <datafield tag="500" ind1=" " ind2=" ">
      <subfield code="a">De brochure, uitgeg. voor de Bissch. Clerezij, is ondertekend met het pseudoniem Theophilus van Vreede.</subfield>
    </datafield>
    <datafield tag="510" ind1="0" ind2=" ">
      <subfield code="a">Van Alphen 907</subfield>
    </datafield>
    <datafield tag="530" ind1=" " ind2=" ">
      <subfield code="a">Ook beschikbaar in microvorm.</subfield>
    </datafield>
    <datafield tag="530" ind1=" " ind2=" ">
      <subfield code="a">Titel is geselecteerd voor digitalisering voor de Universiteit van Amsterdam in het kader van het Google Books-project.</subfield>
    </datafield>
    <datafield tag="650" ind1="1" ind2="7">
      <subfield code="a">Rooms-Katholieke Kerk.</subfield>
      <subfield code="2">gtt</subfield>
      <subfield code="0">(NL-LeOCL)078653223</subfield>
    </datafield>
    <datafield tag="650" ind1="1" ind2="7">
      <subfield code="a">Oud-Katholieke Kerk.</subfield>
      <subfield code="2">gtt</subfield>
      <subfield code="0">(NL-LeOCL)114297886</subfield>
    </datafield>
    <datafield tag="650" ind1="1" ind2="7">
      <subfield code="a">Unigenitus (Clemens XI)</subfield>
      <subfield code="2">gtt</subfield>
      <subfield code="0">(NL-LeOCL)102316104</subfield>
    </datafield>
    <datafield tag="650" ind1="1" ind2="7">
      <subfield code="a">Jansenisme.</subfield>
      <subfield code="2">gtt</subfield>
      <subfield code="0">(NL-LeOCL)078551390</subfield>
    </datafield>
    <datafield tag="655" ind1=" " ind2="7">
      <subfield code="a">Polemieken (vorm)</subfield>
      <subfield code="2">gtt</subfield>
      <subfield code="0">(NL-LeOCL)088144399</subfield>
    </datafield>
    <datafield tag="710" ind1="0" ind2=" ">
      <subfield code="a">Ryswyk, Frans (Amsterdam)</subfield>
      <subfield code="4">prt</subfield>
      <subfield code="0">(NL-LeOCL)135710324</subfield>
    </datafield>
    <datafield tag="758" ind1=" " ind2=" ">
      <subfield code="a">Driedubbelde naem-lyst der pastooren priesteren en zendelingen, I. Die in 't jaer 1701. voor de waerheid en geregtigheid getuigd hebben. II. Die in 't jaer 1736. om 't Formulier en de Bulle Unigenitus zig van hunne médebroederen afscheiden. III. Die vreedzaemig zijn met hen die de vreede haeten. Opgedraegen aen ... Johannes van den Steen, Franciscus Cornelius Derout (Text)</subfield>
      <subfield code="1">https://id.oclc.org/worldcat/entity/E39PCFKtXHq88dDjTDr9vhGMbm</subfield>
      <subfield code="4">https://id.oclc.org/worldcat/ontology/hasWork</subfield>
    </datafield>
    <datafield tag="776" ind1="0" ind2=" ">
      <subfield code="t">Driedubbelde naem-lyst der pastooren priesteren en zendelingen,</subfield>
      <subfield code="w">(NL-LeOCL)337009260</subfield>
    </datafield>
    <datafield tag="776" ind1="0" ind2=" ">
      <subfield code="t">Driedubbelde naem-lyst der pastooren priesteren en zendelingen,</subfield>
      <subfield code="w">(NL-LeOCL)401737012</subfield>
    </datafield>
    <datafield tag="776" ind1="0" ind2=" ">
      <subfield code="t">Driedubbelde naem-lyst der pastooren priesteren en zendelingen,</subfield>
      <subfield code="w">(NL-LeOCL)401737020</subfield>
    </datafield>
    <datafield tag="776" ind1="0" ind2=" ">
      <subfield code="t">Driedubbelde naem-lyst der pastooren priesteren en zendelingen,</subfield>
      <subfield code="w">(NL-LeOCL)406906092</subfield>
    </datafield>
    <datafield tag="936" ind1=" " ind2=" ">
      <subfield code="a">BATCHLOAD</subfield>
    </datafield>
  </record>